000 01128cam a2200301 a 4500
999 _c127856
_d127856
001 4701777
003 ARRUPE
005 20180404115625.0
008 820825m19819999cg a b 001 0 fre
010 _a 82134452
040 _aDLC
_cDLC
_dDLC
043 _af-cg---
050 0 0 _aGN654
_b.H6 1981
082 0 0 _a001.56
_219
100 1 _aHochegger, Hermann.
_938498
245 1 3 _aLe langage des gestes rituels /
_cHermann Hochegger ; dessins, Binia Binalbe & Ngana Mulwa.
260 _aBandundu :
_bCeeba,
_cc1981-<c1982 >
300 _av. <1-2 > :
_bill. ;
_c24 cm.
490 1 _aPublications / Ceeba. Série II ;
_vvol. 66-67
500 _aIncludes indexes.
504 _aBibliography: v. 1, p. [385]-402.
650 0 _aRites and ceremonies
_zCongo (Democratic Republic)
_938822
650 0 _aGesture
_zCongo (Democratic Republic)
_941296
650 0 _aNonverbal communication
_zCongo (Democratic Republic)
_941297
651 0 _aCongo (Democratic Republic)
_xSocial life and customs.
_925892
830 0 _aPublications (Ceeba).
_nSérie II ;
_vv. 66, etc.
_941298
906 _a7
_bcbc
_corignew
_d2
_encip
_f19
_gy-gencatlg
942 _2lcc
_cMONOGRAPH